000 00242nam a22000857a 4500
999 _c11399
_d11399
008 190416b ||||| |||| 00| 0 eng d
020 _a0826487556
100 _97131
_aMCNAMARA SARAH
245 _aHELPING YOUNG PEOPLE TO BEAT STRESS A PRACRICAL GUIDE